Higher algebra / (Record no. 12391)

MARC details
000 -LEADER
fixed length control field 00997nam a2200157 a 4500
020 ## - INTERNATIONAL STANDARD BOOK NUMBER
ISBN 1176103830 (paperback)
020 ## - INTERNATIONAL STANDARD BOOK NUMBER
ISBN 9781176103832 (paperback)
100 1# - MAIN ENTRY--AUTHOR NAME
Personal name S, Barnard.
245 10 - TITLE STATEMENT
Title Higher algebra /
260 ## - PUBLICATION, DISTRIBUTION, ETC. (IMPRINT)
Place of publication [S.l.] :
Name of publisher Nabu Press,
Year of publication 2004.
300 ## - PHYSICAL DESCRIPTION
Number of Pages 602 p. ;
520 ## - SUMMARY, ETC.
Summary, etc This is a reproduction of a book published before 1923. This book may have occasional imperfections such as missing or blurred pages, poor pictures, errant marks, etc. that were either part of the original artifact, or were introduced by the scanning process. We believe this work is culturally important, and despite the imperfections, have elected to bring it back into print as part of our continuing commitment to the preservation of printed works worldwide. We appreciate your understanding of the imperfections in the preservation process, and hope you enjoy this valuable book.
700 1# - ADDED ENTRY--PERSONAL NAME
Personal name Child, J M.
856 40 - ELECTRONIC LOCATION AND ACCESS
Uniform Resource Identifier http://www.amazon.com/exec/obidos/ASIN/1176103830/chopaconline-20
942 ## - ADDED ENTRY ELEMENTS (KOHA)
Koha item type Books
Holdings
Withdrawn status Lost status Home library Current library Date acquired Cost, normal purchase price Full call number Accession Number Koha item type
    Central Library, QUEST, Nawabshah Central Library, QUEST, Nawabshah 13/02/2015 250.00 512BAR 33191 Books
    Central Library, QUEST, Nawabshah Central Library, QUEST, Nawabshah 13/02/2015 250.00 512BAR 33192 Books